| 000 | 01093nam a22002657a 4500 | ||
|---|---|---|---|
| 001 | BD-DhSAU | ||
| 003 | BD-DhSAU | ||
| 005 | 20250721130110.0 | ||
| 008 | 150420b2005 bg ||||| m||| 00| 0 eng d | ||
| 040 | _aBD-DhSAU | ||
| 082 |
_222 _a595.7 _bZ74 |
||
| 100 |
_aZOHORA, FATEMA - TUZ - _eRegistration No. # 15-06523 |
||
| 245 |
_aEffect of sticky traps in monitoring insects and their performance on bitter gourd yield / _bMS thesis |
||
| 260 |
_aSher-e-Bangla Agricultural University: _bDepartment of Entomology, _c2022. |
||
| 300 |
_axiii, 87p. ; _c30 cm. |
||
| 500 | _aMS thesis of Department of Entomology, Faculty of Agriculture, Sher-e-Bangla Agricultural University, Dhaka, Bangladesh | ||
| 504 | _aIncludes bibliographical reference. | ||
| 590 | _aNazmul | ||
| 650 | _asticky traps in monitoring | ||
| 651 | _abitter gourd yield | ||
| 700 |
_aProf. Dr. Mohammed Sakhawat Hossain _eSuperviser |
||
| 700 |
_aProf. Dr. Md. Mizanur Rahman _eCo-superviser |
||
| 856 | _uhttp://archive.saulibrary.edu.bd:8080/xmlui/handle/123456789/5322 | ||
| 942 |
_2ddc _cTHESIS |
||
| 999 |
_c17636 _d17635 |
||